000 00313nam a2200121Ia 4500
008 190216s9999||||xx |||||||||||||| ||und||
100 _aHajela P D
245 0 _aProblems Of Monetary Policy In Under Developed Countries
260 _bSulthan Chand&Sons
_c1973
300 _a298p
650 _aCommerce
942 _cBK
999 _c4775
_d4775